|
|
|
|
| LEADER |
00000cam a2200000 4500 |
| 001 |
vtls011922539 |
| 003 |
SK-MaSNL |
| 005 |
20260301052925.0 |
| 008 |
200306s2019 ne frn 000 0 eng |
| 015 |
|
|
|a SNBZSA2022/02
|
| 020 |
|
|
|a 9789462652729 (viazané)
|
| 020 |
|
|
|a 9789462652736 (eBook)
|
| 040 |
|
|
|a SNK
|b slo
|c SNK
|e rda
|
| 041 |
0 |
|
|a eng
|
| 043 |
|
|
|a e------
|
| 044 |
|
|
|a ne
|c NL
|
| 072 |
|
7 |
|a 342
|x Ústavné právo. Správne právo
|2 konspekt
|
| 080 |
|
|
|a 342
|2 2011
|
| 080 |
|
|
|a 342.7
|2 2011
|
| 080 |
|
|
|a (4)
|2 2011
|
| 080 |
|
|
|a (082)
|2 2011
|
| 245 |
1 |
0 |
|a National constitutions in European and global governance
|b democracy, rights, the rule of law : national reports
|n Volume 2
|c Anneli Albi, Samo Bardutzky, editors
|
| 264 |
|
1 |
|a The Hague
|b T.M.C. Asser Press
|c [2019]
|
| 264 |
|
4 |
|c ©2019
|
| 300 |
|
|
|a xii, strany 687-1522
|c 24 cm
|
| 336 |
|
|
|a text
|b txt
|2 rdacontent
|
| 337 |
|
|
|a bez média
|b n
|2 rdamedia
|
| 338 |
|
|
|a zväzok
|b nc
|2 rdacarrier
|
| 500 |
|
|
|a Obsahuje poznámky pod čiarou
|
| 504 |
|
|
|a Obsahuje bibliografiu, bibliografické odkazy
|
| 650 |
0 |
7 |
|a ústavné právo
|2 SNKPH
|9 2256
|
| 650 |
0 |
7 |
|a ľudské práva
|2 SNKPH
|9 798
|
| 650 |
0 |
7 |
|a medzinárodné trestné právo
|2 SNKPH
|9 2239
|
| 650 |
0 |
7 |
|a Constitutional law
|2 SNKPHeng
|9 99107
|
| 650 |
0 |
7 |
|a Human rights
|2 SNKPHeng
|9 265688
|
| 651 |
|
7 |
|a Európa
|2 SNKPHgeo
|9 167569
|
| 651 |
|
7 |
|a Europe
|2 SNKPHeng
|9 56249
|
| 655 |
|
7 |
|a zborníky
|2 SNKPH
|9 70165
|
| 655 |
|
7 |
|a Papers of several authors
|2 SNKPHeng
|9 153738
|
| 700 |
1 |
|
|a Albi, Anneli,
|d 1977-
|4 edt
|9 112512
|
| 700 |
1 |
|
|a Bardutzky, Samo
|4 edt
|9 197374
|
| 919 |
|
|
|a 978-94-6265-272-9
|
| 919 |
|
|
|a 978-94-6265-273-6
|
| 958 |
|
|
|a ZS
|
| 958 |
|
|
|a SP
|
| 958 |
|
|
|a NB
|
| 999 |
|
|
|c 606972
|d 608902
|
| 952 |
|
|
|a SNK
|b SNK
|y PREZ
|7 0
|p 17A1456563
|o snkSC 193770/2
|i snk2021/10353
|8 4
|g 24.91
|0 0
|1 0
|4 0
|d 2020-03-06
|f 1
|l 0
|r 2025-10-10 00:00:00
|w 2026-02-23
|